000 00869nam a2200253 a 4500
999 _c4075
_d4075
003 ALUPE UNIVERSITY COLLEGE
005 20220317125112.0
008 970519s1997 enk 001 0 eng d
020 _a072791104X
040 _cALUPE UNIVERSITY COLLEGE
050 _aRC361
_b.N3 1997
245 0 0 _aNeurological emergencies /
_cedited by Richard A.C. Hughes.
250 _a2nd ed.
260 _aLondon :
_bBMJ,
_cc1997.
300 _aviii, 358 p. :
_bill. ;
_c22 cm.
500 _aCollection of articles from the Journal of neurology, neurosurgery, and psychiatry, 1993. - Preface.
504 _aIncludes bibliographical references and index.
650 0 _aNeurology.
650 0 _aPsychiatric emergencies.
650 0 _aEmergency medicine.
700 1 _aHughes, R. A. C.
_q(Richard Anthony Cranmer)
942 _2lcc
_cBK
_nPW